Dějiny Československa 1 Do roku 1648

Saved in:
Bibliographic Details
Format: Book
Language:Czech
Published: Praha Stát. ped. nakl. 1990
Edition:1. vyd.
Series:Učebnice pro vysoké školy
Tags: Add Tag
No Tags, Be the first to tag this record!

MARC

LEADER 00000nam a2200000 4500
001 c030421
005 20221215115846.9
041 0 |a cze 
044 |a CZ 
245 1 0 |a Dějiny Československa 1  |b Do roku 1648 
250 |a 1. vyd. 
264 1 |a Praha  |b Stát. ped. nakl.  |c 1990 
300 |a 684 s.  |e 1 príl. 
490 1 |a Učebnice pro vysoké školy 
830 0 |a Učebnice pro vysoké školy